| Tag |
First Indicator |
Second Indicator |
Subfields |
| LEADER |
00000cam a2200000 i 4500 |
| 001 |
in00005727607 |
| 005 |
20260319205328.3 |
| 006 |
m o d |
| 007 |
cr ||||||||||| |
| 008 |
241114t20252025nyua fob 001 0 eng d |
| 040 |
|
|
|a STBDS
|b eng
|e rda
|e pn
|c STBDS
|d OCLCO
|d YDX
|d CLOUD
|d UPM
|d OCLCQ
|d OH1
|d UKMGB
|d UKAHL
|d IUL
|
| 015 |
|
|
|a GBC4G0761
|2 bnb
|
| 016 |
7 |
|
|a 300434257
|2 Uk
|
| 019 |
|
|
|a 1419644847
|
| 020 |
|
|
|a 9780197772737
|q ebook
|
| 020 |
|
|
|a 0197772730
|
| 020 |
|
|
|a 9780197772713
|q electronic book
|
| 020 |
|
|
|a 0197772714
|q electronic book
|
| 020 |
|
|
|z 9780197772706
|q (print)
|
| 024 |
7 |
|
|a 10.1093/9780197772737.001.0001
|2 doi
|
| 024 |
8 |
|
|a CIPO000170184
|
| 035 |
|
|
|a (OCoLC)1468690701
|z (OCoLC)1419644847
|
| 043 |
|
|
|a n-mx---
|
| 050 |
|
4 |
|a ML3485
|b .P35 2025
|
| 082 |
0 |
4 |
|a 782.421640972
|2 23
|
| 049 |
|
|
|a TXAM
|
| 100 |
1 |
|
|a Palomares Salas, Claudio,
|d 1978-
|e author.
|1 https://id.oclc.org/worldcat/entity/E39PCjCFpMWxVfKrFbCf66D4jd
|
| 245 |
1 |
0 |
|a Mexican canto nuevo :
|b music, politics, and resistance /
|c Claudio Palomares-Salas.
|
| 264 |
|
1 |
|a New York, NY :
|b Oxford University Press,
|c [2025]
|
| 264 |
|
4 |
|c ©2025
|
| 300 |
|
|
|a 1 online resource :
|b illustrations, music.
|
| 336 |
|
|
|a text
|b txt
|2 rdacontent
|
| 337 |
|
|
|a computer
|b c
|2 rdamedia
|
| 338 |
|
|
|a online resource
|b cr
|2 rdacarrier
|
| 490 |
1 |
|
|a Currents in Latin American & Iberian music
|
| 504 |
|
|
|a Includes bibliographical references, discography and index.
|
| 505 |
0 |
0 |
|t Setting the stage : rationale, scholarly influences, and book outline --
|t Toward a definition of Mexican Canto Nuevo : features, principles, and themes --
|t Mexican Canto Nuevo's calls and responses : rock'n'roll, folklorization, and Latin American Nueva Canción --
|t 1968 : the birth of Mexican Canto Nuevo --
|t The rising (1969-1976) --
|t Consolidation (1977-1981) --
|t Peak and decline (1982-1989) --
|g Selected discography (1968-1989).
|
| 520 |
|
|
|a "The book explores the origin and development of Mexican Canto Nuevo, a musical and cultural movement that influenced Mexican music, politics, and culture from the 1960s to the late 1980s. It delves into several aspects of Canto Nuevo's evolution, from its origins during the 1968 student movement to its peak and eventual decline in the late 1980s. Discussions range from Canto Nuevo's nomenclature and temporality to the Marxist/humanist principles that defined the movement's lyrical production and governed the lives of its participants to the folklorization processes that were at the core of Canto Nuevo's origins and development and the politicized responses they elicited. The book thoroughly explores the work of some of the movement's most prominent artists, among them Los Folkloristas, Judith Reyes, José de Molina, León Chávez Teixeiro, Óscar Chávez, Los Nakos, Margarita Bauche, Enrique Ballesté, Amparo Ochoa, La Peña Móvil, Gabino Palomares, and several others. It discusses Canto Nuevo's relationship with other militant song movements, such as Chilean Nueva Canción and Cuban Nueva Trova, reasserting Mexican Canto Nuevo into current academic discussions on the pan-Latin American Nueva Canción movement of the 1960s-1980s. The last four chapters offer a chronological analysis of main events, peñas, artists' organizations, record labels, festivals, and albums. They also clarify the complex relationship between the Mexican state and Canto Nuevo, explaining the climate of hostile tolerance in which it developed"--
|c Provided by publisher.
|
| 521 |
|
|
|a Specialized.
|
| 588 |
|
|
|a Description based on online resource; title from home page (Oxford Academic, viewed December 17, 2025).
|
| 650 |
|
0 |
|a Popular music
|z Mexico
|x History and criticism.
|
| 650 |
|
0 |
|a Popular music
|x Political aspects
|x History.
|
| 650 |
|
6 |
|a Musique populaire
|z Mexique
|x Histoire et critique.
|
| 650 |
|
6 |
|a Musique populaire
|x Aspect politique
|x Histoire.
|
| 650 |
|
7 |
|a Mexico.
|2 bisacsh
|
| 650 |
|
7 |
|a Latin America.
|2 bisacsh
|
| 650 |
|
7 |
|a HISTORY.
|2 bisacsh
|
| 650 |
|
7 |
|a MUSIC.
|2 bisacsh
|
| 650 |
|
7 |
|a Ethnomusicology.
|2 bisacsh
|
| 650 |
|
7 |
|a Music.
|2 thema
|
| 650 |
|
7 |
|a Music.
|2 ukslc
|
| 655 |
|
7 |
|a Electronic books.
|2 local
|
| 776 |
0 |
8 |
|i Print version:
|a Palomares Salas, Claudio, 1978-
|t Mexican canto nuevo.
|d New York, NY : Oxford University Press, [2025]
|z 9780197772706
|w (DLC) 2024037333
|w (OCoLC)1452447064
|
| 830 |
|
0 |
|a Currents in Latin American & Iberian music.
|
| 856 |
4 |
0 |
|u http://proxy.library.tamu.edu/login?url=https://academic.oup.com/book/59447
|z Connect to the full text of this electronic book
|t 0
|
| 936 |
|
|
|a BATCHLOAD
|
| 955 |
|
|
|a Oxford Scholarship Online
|
| 994 |
|
|
|a 92
|b TXA
|
| 999 |
f |
f |
|i cfd06e2f-0b15-4359-92a4-f82367a40cbf
|s d80f4ef3-2ba3-410f-85e6-c386da44c8e0
|t 0
|
| 952 |
f |
f |
|a Texas A&M University
|b College Station
|c Electronic Resources
|s www_evans
|d Available Online
|t 0
|e ML3485 .P35 2025
|h Library of Congress classification
|
| 998 |
f |
f |
|a ML3485 .P35 2025
|t 0
|l Available Online
|